| 000 | 00550cam a22002291 4500 | ||
|---|---|---|---|
| 001 | sa 67006294 | ||
| 003 | DLC | ||
| 005 | 20260227112405.0 | ||
| 008 | 890630s1967 ii abc 000 0 hino | ||
| 010 | _asa 67006294 | ||
| 035 | _a(OCoLC)19953788 | ||
| 040 |
_aDLC _cWaU _dDLC |
||
| 042 | _apremarc | ||
| 043 | _aa-np--- | ||
| 050 | 0 | 0 |
_aDS485.N4 _bM15 |
| 100 | 1 | _aMadhup, Alakh. | |
| 245 | 1 | 0 | _aNepāla : deśa aura nivāsī. |
| 260 | _c[1967?] | ||
| 300 |
_a227 p. _billus., map, ports. _c18 cm. |
||
| 500 | _aIn Hindi. | ||
| 651 | 0 | _aNepal. | |
| 999 |
_c75836 _d75836 |
||